PLUTONIUM 1965 PROCEEDINGS OF TQE THIRD INTERNATIONAL CONFERENCE ON PLUTONIUM LONDON 1965 (Record no. 585169)
[ view plain ]
| 000 -LEADER | |
|---|---|
| fixed length control field | 00499nam a22001217a 4500 |
| 082 ## - DEWEY DECIMAL CLASSIFICATION NUMBER | |
| Classification number | 669.2934 PLU'K |
| 100 ## - MAIN ENTRY--PERSONAL NAME | |
| Personal name | KAY, A. E,WALDRON, M. B |
| 9 (RLIN) | 80206 |
| 245 ## - TITLE STATEMENT | |
| Title | PLUTONIUM 1965 PROCEEDINGS OF TQE THIRD INTERNATIONAL CONFERENCE ON PLUTONIUM LONDON 1965 |
| 260 ## - PUBLICATION, DISTRIBUTION, ETC. | |
| Place of publication, distribution, etc. | LONDON |
| Name of publisher, distributor, etc. | CHAPMAN & HALL |
| Date of publication, distribution, etc. | 1967 |
| 300 ## - PHYSICAL DESCRIPTION | |
| Extent | 1114P |
| 650 ## - SUBJECT ADDED ENTRY--TOPICAL TERM | |
| Topical term or geographic name entry element | TRANSFORMATION STUDIES PHYSICAL PROPELLANT ALLOY SYSTEMS MECHANICAL PROPERTIES CORROSION ON CERAMICS FUELS CERAMIC PHASE STUDIES IREDATION BEHAVIOUR |
| 9 (RLIN) | 80207 |
| 942 ## - ADDED ENTRY ELEMENTS (KOHA) | |
| Koha item type | Book |
| Withdrawn status | Lost status | Damaged status | Not for loan | Permanent Location | Current Location | Shelving location | Date acquired | Total Checkouts | Full call number | Barcode | Date last seen | Price effective from | Koha item type |
|---|---|---|---|---|---|---|---|---|---|---|---|---|---|
| College of Electrical & Mechanical Engineering (CEME) | College of Electrical & Mechanical Engineering (CEME) | General Stacks | 07/06/2017 | 669.2934 PLU'K | CEME-5501 | 06/28/2021 | 06/28/2021 | Book |
